000 03657nam a22002657a 4500
001 5150453
003 UA-OsUOA
005 20201109124005.0
008 200403b un ||||| m||| 00| 0 ukr d
040 _aUA-OsUOA
_bukr
_cUA-OsUOA
_dUA-OsUOA
041 _aukr
080 _a343.85(043.3)
090 _a343.85(043.3)
095 _a12.00.10
_bсудоустрій; прокуратура та адвокатура
100 _aСеверин К. М.
245 _aПринципи адвокатської діяльності
_cСеверин Костянтин Миколайович ; наук. керівник Колб Олександр Григорович
260 _aКиїв
_c2015
300 _a18 с.
502 _6Автореферат дисертації на здобуття наукового ступеня кандидата юридичних наук
_cАкадемія адвокатури України
_d2015
520 _aПринципи адвокатської діяльності були предметом наукових досліджень як у так звану радянську добу, так і в часи незалежності. Із прийняттям Закону України "Про адвокатуру та адвокатську діяльність" їх зміст і практична спрямованість набули особливої актуальності. Доведено, що вкрай важливим є вирішення тих завдань, що відображають зміст предмета представленого дослідження та пов’язані із: а) теоретико-правовими основами діяльності адвокатури як інституту громадянського суспільства; б) становленням і розвитком принципів адвокатської діяльності; в) поняттям системи принципів такої діяльності; г) співвідношенням принципів адвокатської діяльності з іншими видами галузевих принципів права; ґ) характеристикою основних принципів адвокатської діяльності. Вирішення їх по суті має не тільки теоретичне значення, а й практичну спрямованість — створює належні процедури з нейтралізації, блокування, ліквідації, причин, що породжують і обумовлюють прорахунки в адвокатській діяльності, а також щодо удосконалення правового механізму реалізації визначених у законі принципів функціонування адвокатури України. Науково обґрунтовано необхідність доповнення системи принципів адвокатської діяльності в Україні принципом професійності та принципом відповідальності, а також надано їм авторського визначення.
650 _2UDC
_a343 Кримінальне право. Карні порушення
942 _2udc
_cAR
955 _a1
999 _c458718
_d458718